The Ultimate Sonic the Hedgehog Characters Quiz - Statistics

General Stats
  • This quiz has been taken 209 times
    189 since last reset
  • The average score is 47 of 126
Answer Stats
Hint Answer Type % Correct
The main character, runs at up to 770 miles per hour Sonic Hedgehog
98%
Introduced in Sonic the Hedgehog 2 Tails Fox
97%
The main villain, also a bit obese Eggman (Egghead) Human
95%
Introduced in Sonic the Hedgehog 3 Knuckles Echidna
95%
Former ally to #5 who turned good Shadow Hedgehog
95%
Evil version of the main character Metal Sonic Metal Hedgehog
94%
Introduced in Sonic CD Amy Rose Hedgehog
92%
One of the younger characters, has a pet chao Cream Rabbit
91%
Can fly like the answer to #2, and, despite her name, is actually white Rouge Bat
91%
A character who came from the future Silver Hedgehog
87%
The mother of the above Vanilla Rabbit
87%
One of the youngest characters, a member of the Chaotix Charmy Bee
85%
The guarded of the Sol Emeralds Blaze Cat
84%
A member of the Chaotix, the oldest character Vector Crocodile
83%
A member of the Chaotix Espio Chameleon
82%
Leader of the modern generation of the Babylon Rogues Jet Hawk
82%
Appears, with the below, in Sonic Mania Plus as a playable character Mighty Armadillo
82%
An immortal creature seemingly made of water Chaos Unknown
77%
Appears in the comic series and in Sonic Mania Plus as a playable character Ray Flying Squirrel
76%
Appears in Sonic Heroes, produced by #5 E-123 Omega Robot
75%
Described as “the muscle” of the Babylon Rogues Storm Albatross
75%
The technical and mechanical expert of the Babylon Rogues Wave Swallow
74%
Appears in Sonic X and the comic series Big Cat
72%
The pet chao of #8 Cheese A chao
69%
The mother of #5, mostly appears in flashbacks Maria Robotnik Human
68%
First introduced in the Sonic Boom television series Sticks Badger
68%
Deceased friend of the above Tikal Echidna
68%
The main human protagonist of the Sonic X series Chris Thorndyke Human
65%
Originally known as Nack the Weasel, wants to steal the Chaos Emeralds Fang Sniper (Weasel)
65%
The father of #5, appears in Sonic Adventure 2 Gerald Robotnik Human
64%
Appears in Sonic Forces Infinite Jackal
64%
Appears in Sonic Adventure, same producer as above E-102 Gamma Robot
63%
Created by the below platypus to replace #1 Surge Tenrec
63%
A robot built by #5, an assistant to #5 Cubot Robot
62%
An optimized version of the above Mecha Sonic Metal Hedgehog
62%
Another assistant to #5 Orbot Robot
62%
Also a playable character in Sonic the Fighters/Sonic Championship Bean Dynamite (Duck)
61%
Appears in the 1993 television series Sally Acorn Squirrel
59%
A playable character in Sonic the Fighters/Sonic Championship Bark Polar Bear
58%
A robotical chao with a propeller on its head Omochao A chao
58%
The leader of the Deadly Six, the most recurring member Zavok Zeti
57%
A soldier wolf from the IDW comics, aided by her own personal team of Wisps Whisper Wolf
56%
A secret character in Sonic the Fighters/Sonic Champions Honey Cat
55%
A ring-tailed lemur from the IDW comics who lives in Spiral Hill Village, an ally to #1 Tangle Lemur
54%
One of the two human protagonists of the live action Sonic film series Tom Wachowski Human
52%
One half of a god, appears like a hedgehog, in Sonic 06 Mephiles Hedgehog
51%
Appears in Sonic Dash, always ready for a fight Zazz Zeti
51%
Appears in Sonic 06, falls in love with Sonic Elise Human
50%
The sister of #1 who appears in Sonic Underground Sonia Hedgehog
50%
The creator of the above two Dr. Starline Platypus
45%
Only appears in the Archie comics Scourge Hedgehog
45%
The Deadly Six’s only female member Zeena Zeti
45%
First of the E-100 series, considered a prototype E-100 Alpha Robot
44%
The brother of #1 who appears in Sonic Underground Manic Hedgehog
43%
A sailor from the Sol Dimension who appears in Sonic Rush Adventure Marine Raccoon
42%
The descendant of #5 from 200 years in the future Eggman Nega Human
41%
The other human protagonist of the live action Sonic film series Maddie Wachowski Human
39%
Basically a prototype of the below Silver Sonic Metal Hedgehog
39%
Elderly and skillful in martial arts Master Zik Zeti
38%
Artificial Intelligence (AI) created by #5 used to try to harness the power of the Ancients Sage Artificial Human
37%
Created by the below platypus to replace #2 Kitsunami Fennec
35%
Had a very pessimistic personality, always seen holding a blue rose Zor Zeti
34%
In Sonic Forces, customizable Avatar Undefined
33%
The other half of a god, still a god of destruction, in Sonic 06 Iblis Unclear
33%
Appears in a Sonic Boom game subtitled “Rise of [answer],” the last Ancient Lyric, the Last Ancient Robot Snake
32%
The leader of the Marauder forces and is from Sonic Chronicles: The Dark Brotherhood Shade Echidna
32%
Evil chaos in the Sonic X comic series made by #5 Dark Chao Chao
31%
The combined form of the above two, can only be defeated by all major hedgehogs Solaris Unclear (God)
30%
Appear in the audience of Mario & Sonic at the Olympic Winter Games Hero Chao Chao
28%
One of the newest characters, only just introduced in Sonic Superstars, though some sources claim she was in Sonic Adventure 2 Trip Sungazer Lizard
28%
Appears in Sonic Boom, lives in Hedgehog village, Tails’s love interest Zooey Fox
27%
Also appears in the original Sonic series from 1993 Grounder Robot
26%
Basically a good version of the above three Shard Metal Hedgehog
26%
One of the main protagonists in the Archie comics Rotor Walrus
25%
The brother and partner of the above Rough Skunk
25%
A skunk from the IDW comics, an evil mercenary Tumble Skunk
25%
Appears in the original Sonic series from 1993, also a coding website Scratch Robot Chicken
22%
Gluttonous, always seen eating Zomon Zeti
20%
A partly-robotic version of #2, has many more metal tails Nine Cyborg Fox
18%
From the Sonic Underground series, the mother of #1 and his siblings, technically making them royalty (she is a queen); the original leader of the Freedom Fighters Queen Aleena Hedgehog
15%
A partly-robotic version of the hedgehog from Sonic CD Rusty Rose Cyborg Hedgehog
15%
A glitched form of the protagonist, caused by entering debug mode in the second game and creating a waterfall and an invisible object (over and over) Ashura Hedgehog
14%
An alien Tanuki who appears in Sonic Racing Dodon Pa Tanuki
14%
A character mentioned in Sonic Boom, a comedian Comedy Chimp Chimpanzee
10%
A villainous echidna, a rival to #3 like #5 is to #1, spirit is thousands of years old Dimitri/Enerjak Echidna
10%
Another character from the Archie comics who is from an alternate reality and wound up two hundred years in the future Gold Tenrec
10%
An early form of #4 who had a different design (hence why she is not a type-in for #4) and is from before #4 was revealed in Sonic CD Rosy Hedgehog
10%
A minor character in Sonic Boom Dave the Intern Nutria
8%
Only appears in the Archie comics Razor Shark
8%
An animal-powered robot from #5’s E-100 series who appears in Sonic Adventure E-104 Epsilon Robot
6%
A teenage beaver from Hedgehog Village Justin Beaver
6%
A beta version of #1, later turned into a skin for #1 in Sonic Superstars, also inspired the below character Maxs Rabbit
6%
Mother of the character two above Lindsey Thorndyke Human
5%
In Sonic Boom, appears in a YTP where he says, “I can’t believe I’m having [#1] for lunch!” Mark Tapir
5%
Appears in Sonic Boom Mike Ox
5%
An enemy of the above two, lived in a pacifist city hoping to separate themselves from the conflict between the Kingdom of Acorn and Megaopolis Monkey Khan Monkey
5%
Father of the above Nelson Thorndyke Human
5%
Twin sister of the below, appears in Sonic Boom Perci Bandicoot
5%
A Slime Bot created by #5, a sleeper agent to be implemented in Team Sonic Buster Robot
4%
Always misplaces the below Lady Walrus Walrus
4%
An enemy to #2 much like the rivalry between #5 and #1 Mammoth Mogul Mammoth
4%
Twin sister of the above, appears in Sonic Boom Staci Bandicoot
4%
A glitch character in Knuckles Chaotix, only known by ********** in-game (because it wasn’t supposed to exist) Wechnia Echidna
4%
First appeared in Sonic Adventure 2 Chaos Chao Chao
3%
Appears in the Archie comics, a priestess of the Eusebius Temple Coral Betta
3%
Appears in Sonic Boom, is a circus ringmaster T. W. Barker Wolf
3%
Appears in Sonic Boom, originally named Ragnabot D-fekt Robot
2%
Appears in Sonic Boom as a librarian Fastidious Beaver
2%
Appears in the Sonic Boom series Gogoba Chief Chinchilla
2%
An Overlander who worked alongside the above in the Dragon Kingdom, an ox who is an enemy of the below Iron King Ox
2%
An Overlander who worked alongside the below in the Dragon Kingdom, an enemy of the below monkey Iron Queen Unclear
2%
Inspired by the above, basically the same character but real (not concept art or a different skin) Mika Rabbit
2%
A news reporter from the Sonic Boom television series, also a motivational speaker and life coach Soar Eagle
2%
Appears in Sonic Boom, lives on Seaside Island Beth Shrew
1%
Appears in the Sonic Boom series, is from Hedgehog island Charlie Desert Rat
1%
The walrus that always gets misplaced by the above Chumley Walrus
1%
An elderly nurse in “Sonic Boom: Rise of [robot snake]” Doc Ginger Dog
1%
The ancestor of the above badger from the Sonic Boom series Jebediah Badger
1%
Appears in the Sonic Boom comic series Kyle Gorilla
1%
Alternate reality #5 where there is no #1 Lord Eggman Human
1%
A mayor from the Sonic Boom television series Mayor Fink Fink
1%
Appears in Sonic Boom, has funny name Mr. Monkey-Boy Monkey
1%
A rare chao only found in Sonic Chronicles: The Dark Brotherhood, described by the game as a “bonded character” who “will always find an extra reward item after combat” Bobo Chao
0%
A character from Sonic Chronicles: The Dark Brotherhood whom I could not find any information on other than his name (please inform me if you know anything about him) Master Daniel Hedgehog
0%
The mayor of Mobodoon who appears in the show Sonic Underground Mayor Winnyham Horse
0%
A boss in “Sonic Boom: Rise of [robot snake]”, made by the ancients Tunnel-Bot Robot
0%
No matching quizzes found
Score Distribution
Percent of People with Each Score
Percentile by Number Answered
Your Score History
You have not taken this quiz since the last reset